Score 0/14 Timer 03:00
0 Plays Today
Movie Missing Word % Correct
Lawrence of ___Arabia
96.6%
Good Morning, ___Vietnam
96%
Big Trouble in Little ___China
91.3%
A Passage to ___India
90.9%
Letters from ___ JimaIwo
88.6%
Seven Years in ___Tibet
84.7%
___ NoonShanghai
74.5%
Movie Missing Word % Correct
Thirty Seconds Over ___Tokyo
66.5%
The Thief of ___Bagdad
63.3%
Salmon Fishing in the ___Yemen
57.4%
The ___ LimitedDarjeeling
47.1%
___ DangerousBangkok
34.9%
They Met in ___Bombay
15.7%
The Barber of ___Siberia
8.7%

Today's Daily Dose

Remove Ads.
Support Sporcle.
Get the best of Sporcle when you Go Orange. This ad-free experience offers more features, more stats, and more fun while also helping to support Sporcle. Thank you for becoming a member.

You're not logged in!

Compare scores with friends on all Sporcle quizzes.
OR
Log In

Show Comments

Extras

Top Quizzes Today


Score Distribution

Your Account Isn't Verified!

In order to create a playlist on Sporcle, you need to verify the email address you used during registration. Go to your Sporcle Settings to finish the process.

Report this User

Report this user for behavior that violates our Community Guidelines.

Details: